| 000 | 00653nam a2200229Ia 4500 | ||
|---|---|---|---|
| 003 | OSt | ||
| 005 | 20221007071655.0 | ||
| 006 | a|||||r|||| 00| 0 | ||
| 007 | ta | ||
| 008 | 221006b |||||||| |||| 00| 0 eng d | ||
| 024 | _a26,906 | ||
| 037 | _cReports / Technical Reports | ||
| 040 |
_aFLL _cFLL _beng |
||
| 041 |
_2eng _aeng |
||
| 082 | _aU426.3.N7, L8 | ||
| 100 | _aHolmes Colin | ||
| 245 | 0 | _aImmigrants and minorities in British society | |
| 260 |
_aLondon _bGeorge Allen & Unwin London _c1978 |
||
| 300 |
_a208p _ccm. |
||
| 942 |
_hU426.3.N7, L8 _cREP _2CC |
||
| 999 |
_c1143953 _d1143953 |
||